000 00945nam a2200277 a 4500
001 000003884
003 DO-SdBNP
005 20260309102801.0
008 090714s2007 dr 000 0 spa d
020 _a9789945860238
040 _aDO-SdBNP
_bspa
_cBNPHU
049 _aBNPD
082 4 _a340.072
_bR766g
100 1 _aRomán R., Rafael Antonio,
_d1963-
_911735
245 1 0 _aGuía práctica de investigacón jurídica :
_btesis, monografías e investigación criminal /
_cRafael Antonio Román R.
250 _a2a ed.
260 _aSanto Domingo :
_bCuesta Veliz Ediciones,
_c2007.
300 _a212 p. ;
_c23 cm.
500 _aIncluye índice
504 _aBibliografía : p. 211-212
590 _aLa biblioteca posee 1 ejemplar autográfiado por el autor
650 7 _aInvestigación jurídica
_92
650 7 _aInvestigación científica
_911737
650 0 _aInvestigación jurídica
_xInvestigaciones
_99662
942 _2ddc
_cLBS1
999 _c3706
_d3706